<?xml version="1.0" encoding="UTF-8"?>
<record
    xmlns:xsi="http://www.w3.org/2001/XMLSchema-instance"
    xsi:schemaLocation="http://www.loc.gov/MARC21/slim http://www.loc.gov/standards/marcxml/schema/MARC21slim.xsd"
    xmlns="http://www.loc.gov/MARC21/slim">

  <leader>01746nam a22001457a 4500</leader>
  <datafield tag="999" ind1=" " ind2=" ">
    <subfield code="c">533266</subfield>
    <subfield code="d">533266</subfield>
  </datafield>
  <controlfield tag="008">260506b           ||||| |||| 00| 0 eng d</controlfield>
  <datafield tag="100" ind1=" " ind2=" ">
    <subfield code="a">Liu, Sophie Xiaoyi</subfield>
    <subfield code="9">60390</subfield>
  </datafield>
  <datafield tag="245" ind1=" " ind2=" ">
    <subfield code="a">Relational legal consciousness in the context of hate crime laws</subfield>
  </datafield>
  <datafield tag="260" ind1=" " ind2=" ">
    <subfield code="a">Social &amp; Legal Studies  </subfield>
  </datafield>
  <datafield tag="300" ind1=" " ind2=" ">
    <subfield code="a">35(2), Apr, 2026: p.212-233</subfield>
  </datafield>
  <datafield tag="520" ind1=" " ind2=" ">
    <subfield code="a">This article draws on a qualitative study that examines how Asian-descendant victims of hate activities in Canada perceive, interpret, and engage with hate crime laws and the legal system. My findings show that participants&#x2019; understanding of these laws is deeply relational, shaped by their encounters with perpetrators, the legal system, and the nation-state. While participants acknowledge the symbolic promise of protection and justice that hate crime laws offer, they also perceive these laws as potential sources of burdens and harm. This ambivalence stems from personal experiences and broader social and institutional contexts that influence how marginalized individuals perceive legal protections and justice. By examining these dynamics, this study advances law and society scholarship by offering a nuanced understanding of how marginalized communities navigate and interpret legal protections, emphasizing the need to critically assess legal processes through the lived experiences of underrepresented individuals.-Reproduced 


https://journals.sagepub.com/doi/full/10.1177/09646639251333976?_gl=1*14w7bxi*_up*MQ..*_ga*MTY2NDgyOTMyOC
4xNzc4MDYxMjM1*_ga_60R758KFDG*czE3NzgwNjEyMzQkbzEkZzAkdDE3NzgwNjEyMzQkajYwJGwwJGgyMTIxNzU4OTA2</subfield>
  </datafield>
  <datafield tag="650" ind1=" " ind2=" ">
    <subfield code="a">Legal consciousness, Hate crime laws, Asian diaspora, Legal system, Nation state.</subfield>
    <subfield code="9">60391</subfield>
  </datafield>
  <datafield tag="773" ind1=" " ind2=" ">
    <subfield code="a">Social &amp; Legal Studies  </subfield>
  </datafield>
  <datafield tag="942" ind1=" " ind2=" ">
    <subfield code="c">AR</subfield>
  </datafield>
  <datafield tag="952" ind1=" " ind2=" ">
    <subfield code="0">0</subfield>
    <subfield code="1">0</subfield>
    <subfield code="2">ddc</subfield>
    <subfield code="4">0</subfield>
    <subfield code="7">0</subfield>
    <subfield code="9">408436</subfield>
    <subfield code="a">IIPA</subfield>
    <subfield code="b">IIPA</subfield>
    <subfield code="d">2026-05-06</subfield>
    <subfield code="h">35(2), Apr, 2026: p.212-233</subfield>
    <subfield code="p">AR138778</subfield>
    <subfield code="r">2026-05-06</subfield>
    <subfield code="y">AR</subfield>
  </datafield>
</record>
